00771nam a22002537a 45000010005000000030006000050050017000110080041000280200018000690400029000870820010001161000032001262450077001582500009002352600035002443000045002795050007003245200059003315210019003905210018004096500025004276500021004527000044004735144FISKH20241107141020.0241107b cb ||||| |||| 00| 0 eng d a9780545165341 aFISKHbengcFISKHdFISKH a372.4 aEvans, Lynetted(1943-2017) aA rainy day /cby Lynette Evans Photography by Jennifer and Brian Lupton a2009 aNew York :bScholastic,c2009. a12 pages :bColor illustrations ;c23 cm aE  a"Who came to school on a rainy day?"--Page 4 of cover.8 a160L bLexile 8 aE bRaz-Plus  2EnvironmentaFiction 2WeatheraLevel D aJennifer and Lupton, BriandIllustrator